000 00359nam a22001457a 4500
008 210426b ||||| |||| 00| 0 eng d
020 _a9780534602796
041 _aeng
080 _25th
_a32
082 _a32
100 _a20
101 _aSHP
245 _aCAMELOT A Role Playing Simulation of Political Decision Making
_cWoodworth,J.R
942 _2udc
_cBK
999 _c56737
_d56737